000 00229nam a22001097a 4500
020 _a978-0276421938
041 _aENG
100 _aSchwaexz.J
245 _aFoods Harm Foods Heal
260 _aDelhi
_bRadiers
_c2007
300 _a416
999 _c3180
_d3180